| 000 | 02757nam0a2200409 4500 | ||
|---|---|---|---|
| 001 | RU\NLR\bibl\2041895 | ||
| 005 | 20240605140312.0 | ||
| 010 |
_a978-5-94552-086-8 _9100 |
||
| 021 |
_aRU _b2013-38102 _92616 |
||
| 035 | _a(NLR Aleph) 002029183 | ||
| 090 |
_a4542059 _c4542059 |
||
| 100 | _a20130610d2013 km y0rusy50 ca | ||
| 101 | 0 | _arus | |
| 102 | _aRU | ||
| 105 | _aa|||||||||||| | ||
| 200 | 1 |
_aСоциализация молодежи и профилактика экстремизма в молодежной среде _eмонография _f[Казаков Н.А. , Максимова С.Г., Авдеева Г.С. и др. _gгл. ред.: Романова Е.В. - к.филос.н., доц.] _gГл. упр. образования и молодеж. политики Алтай. края, Федер. гос. бюджет. образоват. учреждение высш. проф. образования "Рос. акад. нар. хоз-ва и гос. службы при Президенте Рос. Федерации" Алтай. фил. |
|
| 210 |
_aБарнаул _cБарнаульский юридический институт МВД России _d2013 |
||
| 215 |
_a283, [8] с. _cил., портр., карт. _d21 |
||
| 300 | _aВ конце кн. авт.: Казаков Н.А. - к.ист.н., доц., Максимова С.Г. - д.социол.н., проф., Авдеева Г.С. - к.психол.н. | ||
| 300 | _aАвт. указаны на обороте тит.л. | ||
| 320 | _aБиблиогр.: с. 272-283 (186 назв.) и в подстроч. примеч. | ||
| 606 | 1 |
_aМолодежь _xСоциально-психологические исследования _2nlr_sh1 _2nlr_sh2 _3RU\NLR\AUTH\661248050 |
|
| 606 | 1 |
_aМолодежь _xВоспитание толерантности _2nlr_sh2 _3RU\NLR\AUTH\661454490 |
|
| 686 | 1 | _aС550.325.1 | |
| 686 | 1 | _aЧ313.352.15 | |
| 701 | 1 |
_aКазаков _bА. А. _cканд. ист. наук _f1962- _gАлександр Альбертович _3RU\NLR\AUTH\7732310 |
|
| 701 | 1 |
_aМаксимова _bС. Г. _gСветлана Геннадьевна |
|
| 701 | 1 |
_aАвдеева _bГ. С. _gГалина Сергеевна |
|
| 702 | 1 |
_aРоманова _bЕ. В. _cканд. филос. наук, физ. воспитание _gЕлена Вениаминовна _3RU\NLR\AUTH\7792206 _4340 |
|
| 712 | 0 | 2 |
_aРоссийская академия народного хозяйства и государственной службы _bАлтайский филиал _3RU\NLR\AUTH\8810225121 _4570 |
| 801 | 0 |
_aRU _bNLR _c20130610 _gRCR |
|
| 801 | 1 |
_aRU _bNLR _c20130610 |
|
| 942 | _cBOOK | ||
| 980 | _aNBR | ||
| 980 | _aNB | ||